000 00514nmm a2200169Ia 4500
008 251105s9999||||xx |||||||||||||||||und||
020 _a9788497426473
041 _aspa
100 _aRuiz Franco, Rosario
245 0 _a¿Eternas menores? Las mujeres en el franquismo
264 _a[Madrid, España] :
_bBiblioteca Nueva,
_c2007
300 _a264 páginas
490 _aHistoria Biblioteca Nueva
650 _aHistory of Europe: Spain
856 _uhttps://public.digitaliapublishing.com/a/5375
942 _cCF
999 _c90318
_d90318